| Ancient History and Archaeology | 1 | 10.00 | 100% | 0% | 0% |
| Beliefs | 4 | 12.50 | 100% | 25% | 0% |
| British and Commonwealth History | 1 | 10.00 | 100% | 0% | 0% |
| Current Events | 1 | 20.00 | 100% | 100% | 0% |
| Fine Arts - Auditory Fine Arts | 4 | 12.50 | 100% | 25% | 0% |
| Fine Arts - Visual Fine Arts | 2 | 10.00 | 100% | 0% | 0% |
| Geography | 1 | 20.00 | 100% | 0% | 100% |
| History - American History | 1 | 20.00 | 100% | 100% | 0% |
| History - European History | 4 | 10.00 | 50% | 50% | 0% |
| History - World History | 1 | 20.00 | 100% | 100% | 0% |
| Literature - American Literature | 3 | 13.33 | 100% | 33% | 0% |
| Literature - British Literature | 3 | 13.33 | 67% | 67% | 0% |
| Literature - European Literature | 2 | 15.00 | 100% | 50% | 0% |
| Other Arts: Auditory | 1 | 10.00 | 100% | 0% | 0% |
| Other Arts: Visual | 2 | 15.00 | 100% | 50% | 0% |
| Other Science: Computer Science | 1 | 10.00 | 100% | 0% | 0% |
| Other Science: Earth Science | 1 | 10.00 | 100% | 0% | 0% |
| Philosophy | 2 | 10.00 | 100% | 0% | 0% |
| Science - Biology | 3 | 16.67 | 100% | 67% | 0% |
| Science - Chemistry | 1 | 10.00 | 100% | 0% | 0% |
| Science - Physics | 3 | 13.33 | 100% | 33% | 0% |
| Social Science | 2 | 15.00 | 50% | 100% | 0% |
| World and Other Literature | 4 | 17.50 | 75% | 75% | 25% |
| Ancient History and Archaeology | 1 | 10.00 | 100% | 0% | 0% |
| Beliefs | 4 | 12.50 | 100% | 0% | 25% |
| British and Commonwealth History | 1 | 20.00 | 100% | 100% | 0% |
| Current Events | 2 | 15.00 | 100% | 50% | 0% |
| Fine Arts - Auditory Fine Arts | 4 | 10.00 | 75% | 0% | 25% |
| Fine Arts - Visual Fine Arts | 5 | 10.00 | 80% | 20% | 0% |
| Geography | 1 | 20.00 | 100% | 100% | 0% |
| History - American History | 4 | 7.50 | 75% | 0% | 0% |
| History - European History | 1 | 10.00 | 100% | 0% | 0% |
| History - World History | 1 | 0.00 | 0% | 0% | 0% |
| Literature - American Literature | 4 | 7.50 | 75% | 0% | 0% |
| Literature - British Literature | 5 | 10.00 | 80% | 20% | 0% |
| Literature - European Literature | 2 | 10.00 | 100% | 0% | 0% |
| Other Arts: Visual | 1 | 10.00 | 100% | 0% | 0% |
| Other Science: Astronomy | 1 | 10.00 | 100% | 0% | 0% |
| Other Science: Computer Science | 1 | 0.00 | 0% | 0% | 0% |
| Other Science: Math | 2 | 5.00 | 50% | 0% | 0% |
| Philosophy | 1 | 20.00 | 100% | 100% | 0% |
| Science - Biology | 3 | 10.00 | 100% | 0% | 0% |
| Science - Chemistry | 3 | 10.00 | 67% | 33% | 0% |
| Science - Physics | 2 | 10.00 | 100% | 0% | 0% |
| Social Science | 4 | 10.00 | 75% | 0% | 25% |
| World and Other Literature | 2 | 10.00 | 100% | 0% | 0% |